Managing educational change : the state and school reform in South Africa (Record no. 231666)

MARC details
000 -LEADER
fixed length control field 00330nam a2200097Ia 4500
082 ## - DEWEY DECIMAL CLASSIFICATION NUMBER
Classification number 379.68 FLEI
008 - FIXED-LENGTH DATA ELEMENTS--GENERAL INFORMATION
fixed length control field 210817s9999 xx 000 0 und d
100 ## - MAIN ENTRY--PERSONAL NAME
Personal name FLEISCH, Brahm D. Sandown, South Africa, 2002 1st ed
9 (RLIN) 71233
245 #0 - TITLE STATEMENT
Title Managing educational change : the state and school reform in South Africa
942 ## - ADDED ENTRY ELEMENTS
item type Books
Holdings
Withdrawn status Lost status Damaged status Not for loan Home library Current library Date acquired Cost, normal purchase price Total Checkouts Barcode Date last seen Price effective from item type
        eMalahleni Main PL (MMID-PLEM) eMalahleni Main PL (MMID-PLEM) 18.08.2021 140.00   33228013370125 18.08.2021 18.08.2021 Books